A game of chance (Record no. 77449)

MARC details
000 -LEADER
fixed length control field 01649cab a2200289 4500
001 - CONTROL NUMBER
control field ##L134313
008 - FIXED-LENGTH DATA ELEMENTS--GENERAL INFORMATION
fixed length control field 060725n2006 000 0 eng u
035 ## - SYSTEM CONTROL NUMBER
System control number (Sirsi) u134313
041 0# - LANGUAGE CODE
Language code of text/sound track or separate title eng
100 1# - MAIN ENTRY--PERSONAL NAME
Personal name Bhaloo, Zia
245 02 - TITLE STATEMENT
Title A game of chance
260 ## - PUBLICATION, DISTRIBUTION, ETC.
Date of publication, distribution, etc. 2006
490 #0 - SERIES STATEMENT
Series statement Estates Gazette
Volume/sequential designation (0629) 22 July 2006, 124-126(3)
520 ## - SUMMARY, ETC.
Summary, etc. The first of two articles on injunctions (see also L134383). Discusses the discretionary nature of injunctions and how this gives rise to a range of value judgments, including that of the parties' behaviour. Looks at the underlying basis for the grant of an injunction - to restrain unlawful conduct or to take positive action? - with reference to "Lunn Poly Ltd v Liverpool and Lancashire Properties Ltd" ([2006] EWCA Civ 430, L133984) and "Jaggard v Sawyer" (CA, Abs52507). Considers whether decisions are being based increasingly on the real merits of the case rather than the application of long-established principle, referring to "Crestfort Ltd v Tesco Stores Ltd" ([2005] EWHC 805 (Ch), L130171).
590 ## - LOCAL NOTE (RLIN)
Local note IKA010806
650 24 - SUBJECT ADDED ENTRY--TOPICAL TERM
Topical term or geographic name entry element CRESKA LTD V HAMMERSMITH AND FULHAM LBC
650 24 - SUBJECT ADDED ENTRY--TOPICAL TERM
Topical term or geographic name entry element SHELFER V CITY OF LONDON ELECTRIC LIGHTING CO
650 24 - SUBJECT ADDED ENTRY--TOPICAL TERM
Topical term or geographic name entry element LUNN POLY LTD AND ANOTHER V LIVERPOOL AND LANCASHIRE PROPERTIES LTD AND ANOTHER
650 24 - SUBJECT ADDED ENTRY--TOPICAL TERM
Topical term or geographic name entry element JAGGARD V SAWYER AND ANOTHER
650 24 - SUBJECT ADDED ENTRY--TOPICAL TERM
Topical term or geographic name entry element CRESTFORT LIMITED AND OTHERS V TESCO STORES LIMITED AND ANOTHER
650 24 - SUBJECT ADDED ENTRY--TOPICAL TERM
Topical term or geographic name entry element GAFFORD V GRAHAM AND ANOTHER
650 24 - SUBJECT ADDED ENTRY--TOPICAL TERM
Topical term or geographic name entry element MORTIMER AND ANOTHER V BAILEY AND ANOTHER
651 #4 - SUBJECT ADDED ENTRY--GEOGRAPHIC NAME
Geographic name England and Wales
Chronological subdivision 1543-
690 ## - LOCAL SUBJECT ADDED ENTRY--TOPICAL TERM (OCLC, RLIN)
Topical term or geographic name as entry element Landlord and tenant
9 (RLIN) 6252
700 1# - ADDED ENTRY--PERSONAL NAME
Personal name Marsh, Matthew
942 ## - ADDED ENTRY ELEMENTS (KOHA)
Suppress in OPAC 0
Holdings
Withdrawn status Lost status Source of classification or shelving scheme Damaged status Not for loan Home library Current library Shelving location Date acquired Total Checkouts Full call number Barcode Date last seen Copy number Price effective from Koha item type
    Dewey Decimal Classification     London London Journal article 25/07/2006   L134313 134313-1001 06/08/2019 1 06/08/2019 Journal article